Fronteras de los estados de EEUU más largas - Estadísticas

Estadísticas generales
  • Esta prueba ha sido intentada 13 veces
  • La puntuación promedio es 12 de 17
Estadísticas de respuestas
Estados % Correcto
California
100%
Nuevo México
100%
Texas
100%
Nevada
92%
Oklahoma
92%
Arizona
83%
Oregon
83%
Washington
83%
Idaho
75%
Kansas
75%
Montana
75%
Nebraska
75%
Dakota del Sur
67%
Luisiana
33%
Virginia
33%
Misisipi
25%
Virginia Occidental
25%
No se encontraron pruebas coincidentes
Distribución de puntuación
Porcentaje de gente con cada puntuación
Porcentaje por número respondido
Historial de tus puntuaciones
No has intentado esta prueba.